ნორმალური ფორმატი
MARC ფორმატი
ჩანაწერი Corporate Name
ჩანაწერთა რაოდენობა, რომელიც გამოყენებულია: 1
001 - CONTROL NUMBER
- control field: 23772
003 - CONTROL NUMBER IDENTIFIER
- control field: GE_BSU
005 - DATE AND TIME OF LATEST TRANSACTION
- control field: 20241122150001.0
008 - FIXED-LENGTH DATA ELEMENTS
- fixed length control field: 241122|| aca||aabn | a|a d
040 ## - CATALOGING SOURCE
- Original cataloging agency: GE_BSU
- Transcribing agency: GE_BSU
110 ## - HEADING--CORPORATE NAME
- Corporate name or jurisdiction name as entry element: ივანე ჯავახიშვილის სახელობის თბილისის სახელმწიფო უნივერსიტეტი
- Subordinate unit: ეთნოლოგიის სასწავლო - სამეცნიერო ინსტიტუტი
670 ## - SOURCE DATA FOUND
- Source citation: Work cat.: (GE_BSU)47892: თოფჩიშვილი, როლანდ 23771, აფხაზურ-ადიღეული ეთნიკური ერთობების ეთნოგენეზის შესახებ /
